00866cam a2200241 a 450000100100000000500170001000800410002702000150006804000250008308200190010810000390012724500780016626000550024430000200029949000210031950000220034065000240036265000240038665000440041083000300045495201230048499900170060700002494620260423100041.0901219s1994 sp 000 0 spa d a8420646407 aDO-SdBNPbspacBNPHU a362.2909bE74d1 aEscohotado, Antonio,d1941-95119614aLas drogas :bde los orígenes a la prohibición /cAntonio Escohotado. aMadrid, :bAlianza Editorial,bGrupo Anaya,c1994. a96 p. ;c15 cm.1 aAlianza Cienv40 aLibro de bolsillo 0aMedicamentos913950 0aNarcóticos 93169 4aControl de drogas y narcóticos924289 0aAlianza Cien ;n40951197 001054708MOaGRbGRcCTd2011-02-08iLF1l0o362.2909 E74dp24946-10r2020-06-25w2020-06-25y4ZPréstamo en sala c24439d24439